000 00757na a2200253 4500
001 14044
003 MIRAKIL
005 20181213155029.0
008 161102b tu 000 0
020 _a9786055755256
035 _a14044
040 _aMilas
_btur
_cTR-AnCHP
082 _a923.6 Başeskioğlu,Z.
_bA47z 2009
090 _a923.6 Başeskioğlu,Z. A47z 2009
100 _aAltun, Şafak
245 _aZeki Başeskioğlu'nun yaşamı
_cŞafak Altun
260 _aİstanbul
_bMediaCat Kitapları
_c2009
300 _a175 s.
_bres.
_c21 sm.
504 _aKaynakça var.
600 _aBaşeskioğlu, Zeki
_d1930-
_xYaşamöyküsü
650 _aModa tasarımcıları
_xYaşamöyküsü
_zTürkiye
700 _aAltun, Şafak
942 _2dcc
_cBKS
999 _c5179
_d5179